000 00463nam a2200193Ia 4500
005 20240823053530.0
008 240823s9999||||xx |||||||||||||| ||und||
020 _a978-0-07-107256-4
041 _aENGLISH
082 _A620.11 Q4
100 _aRattan S S
245 0 _aStrength of Materials
250 _a1st
260 _c2014
_b"Tata Mcgraw Hill,New "
500 _aYES
650 _aStrength of Materials
_bMechanical
942 _cBK
999 _c224367
_d224367